| 000 | 01019nmc a2200337 a 4500 | ||
|---|---|---|---|
| 003 | AR-BaBNM | ||
| 005 | 20251128203026.0 | ||
| 008 | 227019s1977 ||||||||||||||000 | spa|| | ||
| 040 | _cAR-BaBNM | ||
| 100 | 1 | _aLynch, James | |
| 245 | 1 | 0 | _aCómo formar a los docentes para una sociedad en cambio |
| 260 |
_aBuenos Aires _bEl Ateneo _c1977 |
||
| 300 | 1 |
_ax, 197 p. _bdiagr. |
|
| 490 | 0 | _aBiblioteca Nuevas Orientaciones de la Educación. Problemática de la educación | |
| 650 | 4 | _aFORMACION DE DOCENTES | |
| 650 | 4 | _aHISTORIA DE LA EDUCACION | |
| 650 | 4 | _aCAMBIO SOCIAL | |
| 650 | 4 | _aROL DEL DOCENTE | |
| 650 | 4 | _aPERFIL PROFESIONAL DEL DOCENTE | |
| 650 | 4 | _aPRACTICA DOCENTE | |
| 650 | 4 | _aPLAN DE FORMACION DE DOCENTES | |
| 651 | 4 | _aEuropa | |
| 653 | 0 | _aCAMBIO EDUCATIVO | |
| 700 | 1 | _aDudley Plunkett, H. | |
| 700 | 1 |
_aMontaldo, Eddy _etraductor |
|
| 800 | 1 | _aTula, María Arsenia | |
| 800 | 1 | _aBähler, N. Ruth | |
| 800 | 1 |
_aMárquez, Angel Diego _edirector |
|
| 942 | _cBK | ||
| 998 | _cSILVI | ||
| 999 |
_c1576 _d1576 |
||